000 00744nam a22002537a 4500
001 BR9300367
003 BR-BrBNA
005 20230928093813.0
007 ta
008 230509b bl.||||| |||| 00| 0 por d
040 _aBR-BrBNA
_bpor
_cBiblioteca Nacional de Agricultura
041 _a(Por)
072 _aE14
090 _ E14 BR9300367
110 1 _aProjeto Nordeste, Recife, PE (Brasil)
_98080
245 1 _aAvaliacao, revisao e fortalecimento dos programas especiais: conclusoes e recomendacoes
260 3 _aRecife, PE (Brasil):
_c1983.
300 _a79 p.
650 _aProjeto de Desenvolvimento
650 _aPolitica de Desenvolvimento
650 _aRegiao Nordeste
909 _a202309
_bLucia
_c55
_dLucia Elande
942 _cBK
999 _c47202
_d47202